LEADER 02753oam 2200673I 450 001 9910450970203321 005 20200520144314.0 010 $a1-134-88722-1 010 $a0-585-45308-X 010 $a1-280-32135-0 010 $a0-203-41935-9 024 7 $a10.4324/9780203419359 035 $a(CKB)1000000000254749 035 $a(EBL)166383 035 $a(OCoLC)59224364 035 $a(SSID)ssj0000297605 035 $a(PQKBManifestationID)11246273 035 $a(PQKBTitleCode)TC0000297605 035 $a(PQKBWorkID)10333669 035 $a(PQKB)10954899 035 $a(MiAaPQ)EBC166383 035 $a(Au-PeEL)EBL166383 035 $a(CaPaEBR)ebr10061180 035 $a(CaONFJC)MIL32135 035 $a(OCoLC)1000428098 035 $a(EXLCZ)991000000000254749 100 $a20180331d1990 uy 0 101 0 $aeng 135 $aur|n|---||||| 181 $ctxt 182 $cc 183 $acr 200 14$aThe global economic system /$fIain Wallace 210 1$aLondon ;$aBoston :$cUnwin Hyman,$d1990. 215 $a1 online resource (320 p.) 300 $aDescription based upon print version of record. 311 $a1-138-41904-4 311 $a0-415-08470-9 320 $aIncludes bibliographical references and index. 327 $aBook Cover; Title; Contents; Preface; Acknowledgements; List of tables; The global economy: orientations; Society, the economy and the environment; Population and resources in an industrialized world-economy; The evolution of the modern world-economy; States and the global economic system; The corporation and the global production system; Transnational corporations in a world of sovereign states; The industrialized western nations in a turbulent global economy; Industrialized state-socialist economies; The Third World: varieties of underdevelopment; Challenges of Third World development 327 $aProspects for the global economyBibliography; Index 330 $aProvides a unique treatment of world economic geography as a whole and examines the principle philosophies that have shaped our study of it, identifies the importance of the biophysical as well as cultural and political environments. 606 $aEconomic history 606 $aCapitalism$xHistory 606 $aSocialism$xHistory 607 $aDeveloping countries$xEconomic conditions 608 $aElectronic books. 615 0$aEconomic history. 615 0$aCapitalism$xHistory. 615 0$aSocialism$xHistory. 676 $a330.9 700 $aWallace$b Iain$f1946,$0864821 801 0$bMiAaPQ 801 1$bMiAaPQ 801 2$bMiAaPQ 906 $aBOOK 912 $a9910450970203321 996 $aThe global economic system$91930372 997 $aUNINA